Saraswati river & vedic civilization / (Record no. 170828)
[ view plain ]
| 000 -LEADER | |
|---|---|
| fixed length control field | 00544nam a2200193 4500 |
| 005 - DATE AND TIME OF LATEST TRANSACTION | |
| control field | 20191226174239.0 |
| 010 ## - LCCN (DPL NO) | |
| LC control number | ENG-127256 |
| 020 ## - INTERNATIONAL STANDARD BOOK NUMBER | |
| International Standard Book Number | 9789382633341 |
| Terms of availability | 650.00 |
| 035 ## - SYSTEM CONTROL NUMBER | |
| System control number | EN-110788 |
| 037 ## - SOURCE OF ACQUISITION | |
| Source of stock number/acquisition | DBAD/PUB |
| 082 ## - DEWEY DECIMAL CLASSIFICATION NUMBER | |
| Classification number | 934 |
| 100 ## - MAIN ENTRY--PERSONAL NAME | |
| Personal name | Dwivedi, S.S. |
| 245 ## - TITLE STATEMENT | |
| Title | Saraswati river & vedic civilization / |
| Statement of responsibility, etc | by S.S.Dwivedi |
| 260 ## - PUBLICATION, DISTRIBUTION, ETC. (IMPRINT) | |
| Place of publication, distribution, etc | Allahabad |
| Name of publisher, distributor, etc | Shabad Prakashan |
| Date of publication, distribution, etc | 2015 |
| 270 ## - ADDRESS | |
| Address | 116/70 Lukerganj |
| City | Allahabad |
| Postal code | 211001 |
| 300 ## - PHYSICAL DESCRIPTION | |
| Extent | v;224p. |
| Dimensions | 22cm(Hb) |
| 490 ## - SERIES STATEMENT | |
| Volume number/sequential designation | Set of 2 vol. |
| 942 ## - ADDED ENTRY ELEMENTS (KOHA) | |
| Source of classification or shelving scheme | Dewey Decimal Classification |
| Item type | English Books |
| Classification part | 934 |
| Call number suffix | DWI |
| Withdrawn status | Lost status | Not for loan | Collection code | Home library | Current library | Date acquired | Source of acquisition | Cost, normal purchase price | Full call number | Barcode | Copy number | Cost, replacement price | Koha item type |
|---|---|---|---|---|---|---|---|---|---|---|---|---|---|
| Non-fiction | Patel Nagar | Patel Nagar | 26/12/2019 | DBAD/PUB | 650.00 | 934 DWI | EN-110788 | 1 | 650.00 | English Books |
